Top 100 Athletes Since 2000 - Statistics

General Stats
  • This quiz has been taken 12 times
  • The average score is 13 of 100
Answer Stats
Hint Answer % Correct
4 Basketball LeBron James
100%
3 Soccer Lionel Messi
100%
2 Tennis (F) Serena Williams
100%
13 Soccer Cristiano Ronaldo
90%
10 Basketball Kobe Bryant
90%
1 Swimming Michael Phelps
90%
8 Golf Tiger Woods
90%
11 Tennis Novak Djokovic
80%
12 Tennis Rafael Nadal
80%
7 Gymnastics (F) Simone Biles
80%
5 Football Tom Brady
80%
9 Track Usain Bolt
80%
19 Auto Racing Lewis Hamilton
70%
6 Tennis Roger Federer
70%
22 Ice Hockey Sidney Crosby
40%
29 Auto Racing Michael Schumacher
30%
15 Swimming (F) Katie Ledecky
20%
18 Football Patrick Mahomes
20%
25 Boxing Floyd Mayweather
10%
17 Basketball Shaquille O'Neal
10%
20 Football Aaron Donald
0%
91 Football Aaron Rodgers
0%
52 Baseball Adrian Beltré
0%
49 Soccer (F) Aitana Bonmati
0%
90 Basketball (F) A'ja Wilson
0%
24 Baseball Albert Pujols
0%
56 Soccer (F) Alexia Putellas
0%
54 Ice Hockey Alex Ovechkin
0%
43 Baseball Alex Rodriguez
0%
63 Track (F) Allyson Felix
0%
70 Soccer Andrés Iniesta
0%
80 Tennis Andy Murray
0%
89 Golf (F) Annika Sorenstam
0%
38 Baseball Barry Bonds
0%
78 Boxing Bernard Hopkins
0%
79 Baseball Bryce Harper
0%
57 Football Calvin Johnson
0%
60 Basketball (F) Candace Parker
0%
100 Football Charles Woodson
0%
83 Basketball Chris Paul
0%
31 Baseball Clayton Kershaw
0%
98 Ice Hockey Conner McDavid
0%
96 Football Darrelle Revis
0%
45 Baseball David Ortiz
0%
53 Baseball Derek Jeter
0%
21 Basketball (F) Diana Taurasi
0%
41 Basketball Dirk Nowitzki
0%
35 Basketball Dwayne Wade
0%
99 Football Ed Reed
0%
76 MMA Georges St-Pierre
0%
42 Basketball Giannis Antetokounmpo
0%
37 Baseball Ichiro Suzuki
0%
67 Basketball James Harden
0%
69 Basketball Jason Kidd
0%
47 Auto Racing Jimmie Johnson
0%
58 Football J.J. Watt
0%
66 MMA Jon Jones
0%
40 Baseball Justin Verlander
0%
85 Basketball Kawhi Leonard
0%
39 Basketball Kevin Durant
0%
23 Basketball Kevin Garnett
0%
82 Gymnastics Kohei Uchimura
0%
65 Soccer Kylian Mbappé
0%
84 Basketball (F) Lauren Jackson
0%
74 Basketball (F) Lisa Leslie
0%
55 Soccer Luka Modric
0%
71 Boxing Manny Pacquiao
0%
59 Baseball Mariano Rivera
0%
32 Soccer (F) Marta
0%
46 Baseball Max Scherzer
0%
36 Basketball (F) Maya Moore
0%
64 Soccer (F) Mia Hamm
0%
33 Baseball Miguel Cabrera
0%
44 Skiing Mikaela Shiffrin
0%
30 Baseball Mike Trout
0%
73 Baseball Mookie Betts
0%
28 Basketball Nikola Jokic
0%
92 Baseball Pedro Martinez
0%
26 Football Peyton Manning
0%
68 Golf Phil Mickelson
0%
27 Football Randy Moss
0%
61 Football Ray Lewis
0%
94 Soccer Ronaldinho
0%
87 Soccer Ronaldo Nazário
0%
93 Golf Rory McIlroy
0%
88 Baseball Roy Halladay
0%
72 Snowboarding Shaun White
0%
77 Track (F) Shelly-Ann Fraser Pryce
0%
81 Basketball (F) Sheryl Swoopes
0%
62 Baseball Shohei Ohtani
0%
14 Basketball Steph Curry
0%
51 Basketball Steve Nash
0%
34 Basketball (F) Tamika Catchings
0%
48 Soccer Thierry Henry
0%
16 Basketball Tim Duncan
0%
86 Tennis (F) Venus Williams
0%
97 Cricket Virat Kohli
0%
75 Soccer Xavi Hernandez
0%
50 Soccer Zinedine Zidane
0%
95 Soccer Zlatan Ibrahimović
0%
No matching quizzes found
Score Distribution
Percent of People with Each Score
Percentile by Number Answered
Your Score History
You have not taken this quiz